000 00815cam a2200253 i 4500
001 39202
005 20230410105117.0
008 810715s1980 ht b 001 0 fre
010 _a 80146575
035 _a(OCoLC)ocm07673027
040 _aDLC
_cDLC
_dOCLCQ
035 _a(OCoLC)7673027
043 _anwht---
082 0 0 _a110 HQ 1511
_bP278r 1980
050 1 4 _aCEH
100 1 _aPascal-Trouillot, Ertha.
245 1 0 _aRetrospectives ... horizons /
_cErtha Pascal-Trouillot ; [pref. de Francoise Fleury-Mazeau ; propos liminaires de Michel Fiáevre].
260 _aPort-au-Prince, Haèiti :
_bImpr. des Antilles,
_c[1980]
300 _a431 p. ;
_c21 cm.
504 _aIncludes bibliographies and index.
650 0 _aWomen
_xLegal status, laws, etc.
_zHaiti.
942 _2lcc
_cbk
994 _aC0
_bDRFGD
999 _c30296
_d30296